00601cam a22002291 4500001001300000003000400013005001700017008004100034010001700075035002000092040001800112042001200130050002000142100001900162245004700181260001100228300001900239546001400258504004100272600004100313999001700354sa 63002045 DLC20260227111931.0900207s1962 ii b 000 0 hino  asa 63002045  a(OCoLC)21014868 aDLCcWaUdDLC apremarc00aPK2098.P32bZ850 aVinaya,d1937-10aYugakavī Panta kī kāvya-sādhanā. c[1962] a269 p.c22 cm. aIn Hindi. aIncludes bibliographical references.10aPanta, Sumitrānandana,d1900-1977. c54275d54275